000 00411nam a2200169Ia 4500
001 18556
003 IN-NITTTR
005 20251114233216.0
008 251113s9999||||xx |||||||||||||| ||eng||
040 _beng
040 _cIN-NITTTR
041 _aeng
082 _a658 R553M R
100 _aRobbins, Stephen P
245 0 _aManagement :
_b concepts and applications /
_cRobbins, Stephen P
942 _2ddc
_cBK
999 _c21190
_d21190